ترجيحات الإمام الصنعاني في كتاب سبل السلام : دراسة فقهية مقارنة في كتابي الزكاة والصيام /
Saved in:
| Main Author: | |
|---|---|
| Other Authors: | |
| Format: | Thesis |
| Language: | Arabic |
| Published: |
Ghazzah :
al-Jami'ah al-Islamiyah,
2005
|
| Subjects: | |
| Tags: |
Add Tag
No Tags, Be the first to tag this record!
|
| LEADER | 018270000a22003010004500 | ||
|---|---|---|---|
| 008 | 111130s2005 gz f a 000 00ara d | ||
| 040 | |a UIAM |b eng | ||
| 041 | |a ara | ||
| 050 | |a BP135.A2I132 | ||
| 100 | 1 | |a رضوان، رفيق أسعد | |
| 242 | 1 | |a Tarjihat al-Imam al-San'ani fi kitab Subul salam : |b dirasah fiqhiyah muqaranah fi-kitabay al-zakah wa-al-siyam | |
| 245 | 1 | |a ترجيحات الإمام الصنعاني في كتاب سبل السلام : |b دراسة فقهية مقارنة في كتابي الزكاة والصيام / |c إعداد رفيق أسعد ضوان، إشراف هازن إسماعيل هنية | |
| 260 | |a Ghazzah : |b al-Jami'ah al-Islamiyah, |c 2005 | ||
| 300 | |a viii, 199 leaves ; |c 30 cm. | ||
| 500 | |a "قدمت هذه الرسالة استكمالا لمتطلبات الحصول على درجة الماجستير في الفقه المقارن من كلية الشريعة في الجامعة الاسلامية بغزة " --On t.p. | ||
| 502 | |a Thesis (M.A.)--Jami'at al-Islamiyah Ghazzah,2005 | ||
| 504 | |a Includes bibliographical references (leaves 185-196) and index. | ||
| 596 | |a 1 | ||
| 600 | |a San'ani, Muhammad ibn Isma'il, |d 1688-1768. |t Subul al-salam | ||
| 650 | |a Zakat | ||
| 650 | |a Fasting (Islam) | ||
| 655 | |a Theses, Facsimile edition (Islamic) | ||
| 700 | |a Ridwan, Rafiq As'ad | ||
| 710 | |a Jami'ah al-Islamiyah bi-Ghazzah. |b Kulliyah al-Shari'ah wa al-Qanun. Qism al-Fiqh al-Muqaran | ||
| 710 | |a جامعة الاسلامية بغزة. |b كلية الشريعة والقانون. قسم الفقه المقارن | ||
| 900 | |a arf-ami | ||
| 999 | |c 435132 |d 466349 | ||
| 952 | |0 0 |6 TI BP 000135 A2 I132B3 S1973 2005 |7 0 |8 THESES |9 752489 |a IIUM |b IIUM |c MULTIMEDIA |g 339.00 |o ti BP 135 A2 I132B3 S1973 2005 |p 00011221829 |r 2017-10-23 |t 1 |v 339.00 |y THESIS | ||
